000 01268cam a2200337 a 4500
001 1068739
003 Ke-BoTe
005 20220609130423.0
008 910315r19911980tnu 000 1 eng
010 _a 91003155
020 _a0840757425
040 _aDLC
_cDLC
_dDLC
_dOCoLC
_dDLC
050 0 0 _aPS3573.E1956
_bO5 1991
082 0 0 _a813/.54
_220
100 1 _aWebb, Lance.
_98023
240 1 0 _aOnesimus.
245 1 0 _aEscape from Ephesus :
_ba novel of the 1st century /
_cby Lance Webb.
260 _aNashville :
_bT. Nelson,
_cc1991.
300 _a311 p. ;
_c21 cm.
500 _aPreviously published as: Onesimus. c1980.
600 0 0 _aOnesimus,
_cSaint, Bishop of Ephesus,
_dapproximately 33-approximately 110
_xFiction.
_98024
650 0 _aChurch history
_yPrimitive and early church, ca. 30-600
_xFiction.
_92389
650 0 _aChristian saints
_xFiction.
_92391
651 0 _aEphesus (Extinct city)
_xFiction.
_98025
655 7 _aChristian fiction.
_2lcsh
_910
655 7 _aBiographical fiction.
_2gsafd
_92365
655 7 _aHistorical fiction.
_2gsafd
_92366
906 _a7
_bcbc
_corignew
_d1
_eocip
_f19
_gy-gencatlg
942 _2lcc
_cBK
_n0
999 _c3787
_d3787